[Event "Quebec op U1700"]
[Site "Montreal CAN"]
[Date "2016.07.24"]
[Round "3.18"]
[White "Raduica, Gheorghe"]
[Black "Pellerin-Leclerc, Jonathan"]
[Result "1-0"]
[WhiteElo "1546"]
[BlackElo "1339"]
[PlyCount "171"]
[EventDate "2016.07.23"]
[EventType "swiss"]
[EventRounds "8"]
[EventCountry "CAN"]

1. e4 c5 2. Nf3 d6 3. d4 cxd4 4. Nxd4 e6 5. Nc3 a6 6. Nf3 Nc6 7. a3 g6 8. Bd3
Bg7 9. Bg5 Nge7 10. Qd2 O-O 11. Bh6 e5 12. Bxg7 Kxg7 13. h4 h5 14. O-O-O Bg4
15. Rdg1 Bxf3 16. gxf3 Nd4 17. Rg3 Nec6 18. f4 exf4 19. Qxf4 Ne6 20. Qf3 Ne5
21. Qd1 Nf4 22. Qd2 Nfxd3+ 23. cxd3 Rc8 24. Kb1 Qa5 25. f4 Ng4 26. Rd1 Rc6 27.
Nd5 Qxd2 28. Rxd2 b5 29. Nb4 Rb6 30. Rc2 Nf6 31. e5 dxe5 32. fxe5 Ng4 33. d4
Rd8 34. Nc6 Rxc6 35. Rxc6 Rxd4 36. e6 fxe6 37. Rxe6 a5 38. Rc3 Nh6 39. Rc7+ Nf7
40. Ree7 Rf4 41. Ra7 a4 42. Rab7 Kf8 43. Rec7 Kg7 44. Rxb5 Rxh4 45. Rb4 Rg4 46.
Kc2 Kf6 47. Rb6+ Kg7 48. Kd2 Rf4 49. Rb4 g5 50. Ke3 Rf5 51. Rxa4 g4 52. Rf4 Rf6
53. Rxf6 Kxf6 54. Kf4 Nd8 55. Kg3 Ne6 56. Rc8 Ng5 57. Rc4 Kf5 58. Rc5+ Kg6 59.
Rb5 Ne4+ 60. Kg2 h4 61. Re5 h3+ 62. Kg1 Nd2 63. Rd5 Nf3+ 64. Kf2 h2 65. Rd1 Kf5
66. Kg3 Ke4 67. Rh1 Kd3 68. Rxh2 Kc4 69. Rh8 Kb3 70. Rb8+ Ka4 71. Rb4+ Ka5 72.
Rxg4 Nd2 73. Kf2 Nb3 74. Ke3 Ka6 75. Kd3 Nc5+ 76. Kc4 Nd7 77. Kb4 Ne5 78. Rg3
Nc6+ 79. Kc5 Ne5 80. b4 Nd7+ 81. Kd4 Kb5 82. Rg5+ Kb6 83. a4 Kc6 84. Rg6+ Kc7
85. Rg7 Kc6 86. Rxd7 1-0

[Event "Quebec op U1700"]
[Site "Montreal CAN"]
[Date "2016.07.24"]
[Round "3.19"]
[White "Richard, Leo"]
[Black "Moreau, Michel"]
[Result "1/2-1/2"]
[WhiteElo "1475"]
[BlackElo "1428"]
[PlyCount "60"]
[EventDate "2016.07.23"]
[EventType "swiss"]
[EventRounds "8"]
[EventCountry "CAN"]

1. e4 c6 2. d4 d5 3. Nc3 dxe4 4. Nxe4 Nd7 5. Nf3 Ngf6 6. Bd3 Nxe4 7. Bxe4 Nf6
8. Bd3 Bg4 9. c3 e6 10. O-O Bd6 11. h3 Bxf3 12. Qxf3 O-O 13. Bg5 h6 14. Bxf6
Qxf6 15. Qxf6 gxf6 16. Be4 f5 17. Bf3 Kh8 18. Rfe1 Rfd8 19. Rad1 Rac8 20. a4 a5
21. c4 Bf8 22. d5 cxd5 23. cxd5 exd5 24. Rxd5 Rxd5 25. Bxd5 Kg7 26. Bxb7 Rb8
27. Ba6 Rxb2 28. Re5 Rb1+ 29. Bf1 Bb4 30. Rxf5 Ra1 1/2-1/2

[Event "Quebec op U1700"]
[Site "Montreal CAN"]
[Date "2016.07.24"]
[Round "3.20"]
[White "Burnuk, Arno"]
[Black "Stoyanova, Stela"]
[Result "0-1"]
[WhiteElo "1378"]
[BlackElo "1474"]
[PlyCount "90"]
[EventDate "2016.07.23"]
[EventType "swiss"]
[EventRounds "8"]
[EventCountry "CAN"]

1. e4 e6 2. d4 d5 3. exd5 exd5 4. Nf3 Nf6 5. Bf4 Bd6 6. Bxd6 Qxd6 7. Qe2+ Qe7
8. Qxe7+ Kxe7 9. Nc3 c6 10. O-O-O h6 11. Bd3 Be6 12. h3 Nbd7 13. Rhe1 Rac8 14.
Bf5 Rhe8 15. Bxe6 fxe6 16. b4 b6 17. Na4 Ne4 18. Rd3 Nxf2 19. Rde3 Ne4 20. Nd2
Ndf6 21. Nxe4 dxe4 22. Nc3 Nd5 23. Nxd5+ exd5 24. Rg3 g5 25. Kd2 c5 26. dxc5
bxc5 27. bxc5 Rxc5 28. Rb3 Rec8 29. Rb7+ R8c7 30. Rxc7+ Rxc7 31. Rb1 Ke6 32.
Rb8 Rc6 33. Re8+ Kd6 34. g4 Ra6 35. Rd8+ Ke5 36. Re8+ Kf4 37. Rd8 Rxa2 38. Rxd5
e3+ 39. Kd3 e2 40. Rd4+ Kf3 41. Re4 Ra3+ 42. c3 Rxc3+ 43. Kxc3 Kxe4 44. Kd2 Kf3
45. Ke1 a5 0-1

[Event "Quebec op U1700"]
[Site "Montreal CAN"]
[Date "2016.07.24"]
[Round "3.21"]
[White "Bureau, Robert"]
[Black "Bond, Yvon"]
[Result "1-0"]
[WhiteElo "1445"]
[BlackElo "1343"]
[PlyCount "87"]
[EventDate "2016.07.23"]
[EventType "swiss"]
[EventRounds "8"]
[EventCountry "CAN"]

1. e4 e5 2. Nf3 d6 3. Bc4 Be7 4. d4 Bg4 5. dxe5 Nc6 6. exd6 cxd6 7. Bb5 Qa5+ 8.
Nc3 Nf6 9. Bxc6+ bxc6 10. O-O O-O 11. Qd3 Rad8 12. Bd2 Qh5 13. Nd4 Bd7 14. Qg3
Rb8 15. b3 Rfe8 16. Qg5 h6 17. Qxh5 Nxh5 18. Rfe1 Bf6 19. Nf5 Be5 20. Rad1 Re6
21. Ne2 Rbe8 22. Bc3 Bxc3 23. Nxc3 d5 24. Nd4 Re5 25. Nf3 R5e7 26. exd5 Rxe1+
27. Rxe1 cxd5 28. Rxe8+ Bxe8 29. Nxd5 f6 30. c4 Kf7 31. g4 Kg6 32. gxh5+ Kxh5
33. Kg2 Kg4 34. Nd4 Bd7 35. f3+ Kg5 36. Kg3 f5 37. h4+ Kg6 38. Kf4 Kh5 39. Nxf5
Bxf5 40. Kxf5 Kxh4 41. Nf4 g5 42. Ne6 Kg3 43. c5 Kxf3 44. Nxg5+ 1-0

[Event "Quebec op U1700"]
[Site "Montreal CAN"]
[Date "2016.07.24"]
[Round "3.22"]
[White "Grenier, Marcel"]
[Black "Germain, Max jr"]
[Result "0-1"]
[WhiteElo "1528"]
[BlackElo "1411"]
[PlyCount "126"]
[EventDate "2016.07.23"]
[EventType "swiss"]
[EventRounds "8"]
[EventCountry "CAN"]

1. e4 c5 2. Nf3 e6 3. d4 cxd4 4. Nxd4 Nc6 5. Nxc6 bxc6 6. Bd3 d6 7. O-O Bb7 8.
Nd2 g6 9. Nf3 Bg7 10. c3 Ne7 11. Be3 O-O 12. Qd2 e5 13. Rfd1 Qc7 14. Bh6 Bc8
15. Bxg7 Kxg7 16. h3 h6 17. a4 a5 18. b4 Be6 19. b5 Rfd8 20. Qb2 Qb6 21. Bc2 c5
22. Rd2 f6 23. Rad1 Rab8 24. Kh2 Qc7 25. Nh4 Nc8 26. Rd3 g5 27. Nf5+ Bxf5 28.
exf5 c4 29. Rg3 Qc5 30. Bb1 Ne7 31. h4 d5 32. hxg5 hxg5 33. Qd2 Rh8+ 34. Kg1
Rh5 35. Qe3 Rbh8 36. Kf1 Rh1+ 37. Ke2 Qxe3+ 38. Rxe3 Rxd1 39. Kxd1 Rh1+ 40. Re1
Rxe1+ 41. Kxe1 Nc8 42. g4 Nb6 43. Bc2 Kf7 44. Kd2 Ke7 45. Ke3 Kd6 46. f3 Kc5
47. Kd2 d4 48. Bd1 Nd5 49. cxd4+ exd4 50. Kc1 d3 51. Kd2 Kd4 52. Kc1 Ke3 53.
Kb1 Kd2 54. f4 gxf4 55. g5 fxg5 56. Bg4 c3 57. Bf3 c2+ 58. Ka2 Nf6 59. b6 c1=Q
60. b7 Nd7 61. f6 Qc4+ 62. Kb1 Qc3 63. Ka2 Qxf6 0-1

[Event "Quebec op U1700"]
[Site "Montreal CAN"]
[Date "2016.07.24"]
[Round "3.24"]
[White "Chang, Alexander"]
[Black "Chira, Dan"]
[Result "0-1"]
[WhiteElo "1393"]
[BlackElo "1447"]
[PlyCount "50"]
[EventDate "2016.07.23"]
[EventType "swiss"]
[EventRounds "8"]
[EventCountry "CAN"]

1. e4 c5 2. Nf3 d6 3. d4 Nf6 4. Nc3 cxd4 5. Nxd4 a6 6. Bg5 Nc6 7. Bxf6 exf6 8.
Bc4 Ne5 9. Bb3 Be7 10. O-O O-O 11. Nd5 Rb8 12. c4 Bd7 13. Nf3 Bg4 14. Re1 Nxf3+
15. gxf3 Bh3 16. f4 Bd7 17. f5 Bc6 18. Nf4 Qa5 19. Qg4 Qe5 20. Re2 Qc5 21. Re3
Be8 22. Rh3 Kh8 23. Qh4 h6 24. Nh5 Rg8 25. Nxg7 Rxg7+ 0-1

[Event "Quebec op U1700"]
[Site "Montreal CAN"]
[Date "2016.07.25"]
[Round "4.48"]
[White "Plante, Marc-Eric"]
[Black "Houle, Sebastien"]
[Result "1-0"]
[WhiteElo "1633"]
[BlackElo "1492"]
[Annotator ",Microsoft"]
[PlyCount "27"]
[EventDate "2016.07.23"]
[EventType "swiss"]
[EventRounds "8"]
[EventCountry "CAN"]

1. e4 Nf6 2. e5 Nd5 3. d4 d6 4. Nf3 Bg4 5. Be2 e6 6. O-O Be7 7. c4 Nb6 8. Nc3
O-O 9. Be3 Nc6 10. b3 a6 11. exd6 cxd6 12. d5 exd5 13. cxd5 Ne5 14. h3 {
etc. [24]} 1-0

[Event "Quebec op U1700"]
[Site "Montreal CAN"]
[Date "2016.07.25"]
[Round "4.49"]
[White "Robillard, Jean-Philippe"]
[Black "Lesage, Philippe"]
[Result "1-0"]
[WhiteElo "1529"]
[BlackElo "1689"]
[PlyCount "67"]
[EventDate "2016.07.23"]
[EventType "swiss"]
[EventRounds "8"]
[EventCountry "CAN"]

1. d4 Nf6 2. c4 e6 3. Nf3 Bb4+ 4. Bd2 a5 5. Nc3 O-O 6. e3 b6 7. Bd3 Bb7 8. Qc2
d6 9. h4 Bxc3 10. Bxc3 d5 11. Ng5 h6 12. cxd5 exd5 13. Bh7+ Kh8 14. O-O-O Ne4
15. Nxe4 dxe4 16. Bxe4 Bxe4 17. Qxe4 Nd7 18. d5 Nf6 19. Qf4 Ne8 20. Qxh6+ Kg8
21. Qf4 a4 22. h5 Qd6 23. Qd4 Qf6 24. Qd2 Qf5 25. g4 Qe4 26. h6 gxh6 27. Rxh6
f6 28. Rdh1 Ng7 29. Qc2 Qxc2+ 30. Kxc2 Ne8 31. f4 Kf7 32. Rh7+ Kg8 33. f5 Nd6
34. Bxf6 1-0

[Event "Quebec op U1700"]
[Site "Montreal CAN"]
[Date "2016.07.25"]
[Round "4.50"]
[White "Turgeon, Yoakim"]
[Black "Zhong, Kevin"]
[Result "1-0"]
[WhiteElo "1675"]
[BlackElo "1519"]
[PlyCount "121"]
[EventDate "2016.07.23"]
[EventType "swiss"]
[EventRounds "8"]
[EventCountry "CAN"]

1. d4 d5 2. e3 Nf6 3. Bd3 c5 4. c3 Nc6 5. f4 Bg4 6. Nf3 e6 7. O-O Bd6 8. Qe1
O-O 9. Ne5 Bf5 10. Qd1 Rc8 11. Qe2 cxd4 12. exd4 Qb6 13. Kh1 Rc7 14. Nd2 Rfc8
15. Re1 a6 16. Bxf5 exf5 17. Ndc4 dxc4 18. Nxc4 Qa7 19. Nxd6 Re7 20. Qf2 Ne4
21. Rxe4 Rxe4 22. Nxc8 Qb8 23. Nb6 Qe8 24. Bd2 Re2 25. Re1 Rxe1+ 26. Qxe1 Qd8
27. Nc4 h6 28. Ne5 Qd5 29. Nxc6 Qxc6 30. Qe5 Qc4 31. h3 Qxa2 32. Qb8+ Kh7 33.
Qxb7 Qc4 34. Qd7 Qd3 35. Be1 Qf1+ 36. Kh2 Qxe1 37. Qxf5+ Kg8 38. Qc8+ Kh7 39.
Qf5+ Kg8 40. Qc8+ Kh7 41. Qxa6 Qd2 42. Qd6 Qxb2 43. c4 Qb7 44. c5 Qc8 45. c6
Qe8 46. c7 Qc8 47. Qd8 Qf5 48. c8=Q Qxf4+ 49. Kg1 Qe3+ 50. Kf1 Qf4+ 51. Ke2
Qe4+ 52. Kd1 Qd3+ 53. Kc1 Qf1+ 54. Kb2 Qb5+ 55. Kc3 Qh5 56. Qh8+ Kg6 57. Qc6+
Kg5 58. Qxg7+ Kf4 59. Qcf6+ Qf5 60. Qg4+ Ke3 61. Qfxf5 1-0

[Event "Quebec op U1700"]
[Site "Montreal CAN"]
[Date "2016.07.25"]
[Round "4.51"]
[White "Omichi, Haruaki"]
[Black "Milosz, Jerzy"]
[Result "1/2-1/2"]
[WhiteElo "1360"]
[BlackElo "1590"]
[PlyCount "103"]
[EventDate "2016.07.23"]
[EventType "swiss"]
[EventRounds "8"]
[EventCountry "CAN"]

1. e4 c6 2. d4 d5 3. exd5 cxd5 4. Bd3 Nf6 5. Bf4 e6 6. Nf3 a6 7. O-O Bd6 8.
Bxd6 Qxd6 9. Re1 Nc6 10. c3 O-O 11. Nbd2 Bd7 12. Ne5 Qc7 13. Re3 Be8 14. Qe2
Nd7 15. Re1 Ndxe5 16. dxe5 g6 17. h4 Ne7 18. g4 Bb5 19. Bxb5 axb5 20. a3 Ra4
21. Rg3 Qc6 22. h5 f5 23. exf6 Rxf6 24. g5 Rf7 25. Qxe6 Qxe6 26. Rxe6 gxh5 27.
Rb6 Raf4 28. Rg2 Ng6 29. f3 Nh4 30. Rg3 Nxf3+ 31. Nxf3 Rxf3 32. Rxf3 Rxf3 33.
Rxb5 Rg3+ 34. Kh2 Rxg5 35. Rxb7 Re5 36. a4 Kf8 37. a5 d4 38. cxd4 Rxa5 39. Rc7
Rb5 40. Rc2 Rb3 41. Rd2 Ke7 42. Kg2 Kd6 43. d5 h4 44. Kh2 h3 45. Kg1 h5 46. Kh2
h4 47. Kg1 Rb5 48. Kh2 Rxd5 49. Rxd5+ Kxd5 50. Kxh3 Kc4 51. Kxh4 Kb3 52. Kg3
1/2-1/2

[Event "Quebec op U1700"]
[Site "Montreal CAN"]
[Date "2016.07.25"]
[Round "4.52"]
[White "Morin, Maxime"]
[Black "Varfalvy, Peter"]
[Result "1-0"]
[WhiteElo "1583"]
[BlackElo "1404"]
[PlyCount "147"]
[EventDate "2016.07.23"]
[EventType "swiss"]
[EventRounds "8"]
[EventCountry "CAN"]

1. e4 c6 2. d4 d5 3. f3 dxe4 4. fxe4 e5 5. Nf3 Bg4 6. dxe5 Qxd1+ 7. Kxd1 Nd7 8.
Bf4 g5 9. Bxg5 Nxe5 10. Be2 f6 11. Bxf6 Nxf6 12. Nxe5 Bxe2+ 13. Kxe2 Nxe4 14.
Nd2 Nxd2 15. Kxd2 Bg7 16. Nd3 O-O-O 17. c3 Rd6 18. Kc2 Re8 19. Rhe1 Rde6 20.
Rxe6 Rxe6 21. Re1 Rg6 22. Nf4 Rf6 23. g3 Bh6 24. Re4 Kd7 25. Kd3 b5 26. Ke2 a6
27. Nd3 Bf8 28. Ne5+ Kd6 29. Ng4 Rg6 30. Rd4+ Ke7 31. Kf3 Bg7 32. Re4+ Kd6 33.
Re8 h5 34. Ne3 Rf6+ 35. Ke4 Kd7 36. Re5 Re6 37. Rxe6 Kxe6 38. Nf5 Bf6 39. Nd4+
Kd6 40. Ne2 b4 41. Kd3 bxc3 42. Nxc3 Be5 43. Ne4+ Kd5 44. b3 h4 45. gxh4 Bxh2
46. h5 Bf4 47. Nf6+ Ke6 48. Ke4 Bh6 49. Ng4 Bg7 50. Ne3 Bb2 51. Nc2 a5 52. Nd4+
Kd6 53. h6 c5 54. Nf5+ Ke6 55. h7 Bh8 56. Nh4 Kf6 57. Kd5 Kg7 58. Kxc5 Kxh7 59.
Nf3 Bc3 60. Nd4 Kg7 61. Nc6 Kf6 62. Kb6 Ke6 63. Nxa5 Kd6 64. Nc6 Bd2 65. b4
Be3+ 66. Kb7 Kd5 67. a4 Kc4 68. a5 Kb5 69. a6 Bg1 70. a7 Bxa7 71. Kxa7 Kxc6 72.
Ka6 Kc7 73. b5 Kb8 74. Kb6 1-0

[Event "Quebec op U1700"]
[Site "Montreal CAN"]
[Date "2016.07.25"]
[Round "4.53"]
[White "Kartobi, Youcef"]
[Black "Lima-Barbosa, Raphael"]
[Result "1-0"]
[WhiteElo "1534"]
[BlackElo "1663"]
[PlyCount "49"]
[EventDate "2016.07.23"]
[EventType "swiss"]
[EventRounds "8"]
[EventCountry "CAN"]

1. d4 Nf6 2. c4 e6 3. Nf3 d5 4. g3 c6 5. Bg2 dxc4 6. Ne5 Nbd7 7. Nxc4 Nb6 8.
Ne5 Bd6 9. Nd3 O-O 10. O-O Bc7 11. Bf4 Nbd5 12. Bxc7 Qxc7 13. Nd2 Re8 14. Rc1
Qb6 15. e3 Nd7 16. Nc4 Qc7 17. b4 f6 18. a3 N7b6 19. Ncb2 Qe7 20. Qb3 Bd7 21.
Nc5 Rab8 22. Nbd3 Rec8 23. a4 a6 24. Rfd1 Rc7 25. e4 1-0

[Event "Quebec op U1700"]
[Site "Montreal CAN"]
[Date "2016.07.25"]
[Round "4.54"]
[White "Zheng, Richard"]
[Black "Piche, Guy"]
[Result "1-0"]
[WhiteElo "1398"]
[BlackElo "1649"]
[PlyCount "79"]
[EventDate "2016.07.23"]
[EventType "swiss"]
[EventRounds "8"]
[EventCountry "CAN"]

1. e4 d6 2. d4 Nf6 3. Nc3 Nbd7 4. Be3 e5 5. Nf3 Be7 6. h3 c6 7. Bd3 Qc7 8. O-O
O-O 9. Re1 a6 10. a4 b6 11. Ne2 exd4 12. Bxd4 c5 13. Bc3 c4 14. Bxf6 Nxf6 15.
Ng3 cxd3 16. cxd3 Re8 17. d4 Bf8 18. Rc1 Qd8 19. Qb3 Be6 20. d5 Bd7 21. Nd4 Rc8
22. Qd3 g6 23. Nc6 Bxc6 24. dxc6 a5 25. b3 Re5 26. Red1 Rc5 27. Rxc5 bxc5 28.
e5 Ne8 29. Qa6 d5 30. Ne4 d4 31. f4 Ra8 32. Qc4 Qe7 33. Qb5 Qa7 34. Qc4 Nc7 35.
Ng5 Ne8 36. e6 Nd6 37. Qd5 h6 38. exf7+ Nxf7 39. Ne4 Kg7 40. f5 1-0

[Event "Quebec op U1700"]
[Site "Montreal CAN"]
[Date "2016.07.25"]
[Round "4.55"]
[White "Yu, Daniel-Tianqi"]
[Black "Legault, Simon"]
[Result "1-0"]
[WhiteElo "1639"]
[BlackElo "1399"]
[PlyCount "117"]
[EventDate "2016.07.23"]
[EventType "swiss"]
[EventRounds "8"]
[EventCountry "CAN"]

1. e4 c5 2. Nf3 d6 3. Bb5+ Bd7 4. Be2 Nc6 5. c3 Nf6 6. Qc2 e5 7. d3 Be7 8. h3
b5 9. O-O O-O 10. Bg5 Nh5 11. Nxe5 Nxe5 12. Bxe7 Qxe7 13. Bxh5 Qg5 14. Bd1 Bxh3
15. f4 Qxg2+ 16. Qxg2 Bxg2 17. Kxg2 Nxd3 18. b3 c4 19. Be2 cxb3 20. axb3 Nc5
21. Nd2 a6 22. b4 Ne6 23. Rfc1 Nxf4+ 24. Kf3 Nxe2 25. Kxe2 Rfe8 26. Kd3 d5 27.
exd5 Re5 28. Kd4 Rh5 29. Re1 Rd8 30. Re5 Rh4+ 31. Kc5 Rc8+ 32. Kb6 Rh6+ 33. Kb7
Rd8 34. Rxa6 Rxa6 35. Kxa6 f6 36. Rf5 Kf7 37. Kxb5 g6 38. Rf2 Rxd5+ 39. Kc4 Rd8
40. Ne4 Rc8+ 41. Kb3 Rc6 42. b5 Rb6 43. Rxf6+ Rxf6 44. Nxf6 Ke7 45. Nxh7 Kd7
46. c4 Kc7 47. c5 Kb7 48. c6+ Kb6 49. Kc4 Kc7 50. Kc5 Kc8 51. Kd6 Kd8 52. c7+
Kc8 53. Ng5 Kb7 54. Kd7 Ka7 55. c8=Q Kb6 56. Qc7+ Kxb5 57. Qc3 Kb6 58. Qb4+ Ka6
59. Kc6 1-0

[Event "Quebec op U1700"]
[Site "Montreal CAN"]
[Date "2016.07.25"]
[Round "4.57"]
[White "Blanchette, Rene"]
[Black "Perreault, Jacques"]
[Result "1-0"]
[WhiteElo "1610"]
[BlackElo "1389"]
[PlyCount "103"]
[EventDate "2016.07.23"]
[EventType "swiss"]
[EventRounds "8"]
[EventCountry "CAN"]

1. e4 e6 2. d4 c5 3. Nf3 cxd4 4. Nxd4 Nc6 5. Nb5 d6 6. Bf4 e5 7. Be3 a6 8. N5c3
Be6 9. Na3 Nf6 10. Bg5 h6 11. Bxf6 gxf6 12. Nc4 f5 13. exf5 Bxf5 14. Ne3 Be6
15. Ncd5 b5 16. c3 Ra7 17. a4 Rb7 18. axb5 axb5 19. Ra6 Nb8 20. Ra8 Bg7 21. Qf3
Qc8 22. Bd3 Bxd5 23. Qxd5 Qd7 24. Be4 Rb6 25. O-O O-O 26. Nf5 Qe6 27. Qd3 Kh8
28. Rd1 Nd7 29. Qg3 Qf6 30. Ra7 Nc5 31. Bc2 Qg5 32. Qxg5 hxg5 33. Nxd6 Kg8 34.
Nf5 Bf6 35. b4 Rb7 36. Rxb7 Nxb7 37. Rd7 Nd8 38. Nd6 Ne6 39. Bb3 Nd8 40. Nxb5
e4 41. Nd4 Kg7 42. Bd5 Bxd4 43. cxd4 Re8 44. b5 Ne6 45. Bc6 Rc8 46. d5 Nc5 47.
Ra7 Kg6 48. b6 Rb8 49. b7 f5 50. Ra8 Rxb7 51. Bxb7 Nxb7 52. Ra6+ 1-0

[Event "Quebec op U1700"]
[Site "Montreal CAN"]
[Date "2016.07.25"]
[Round "4.58"]
[White "Charette, Nicolas"]
[Black "Langlois, Jean-Marie"]
[Result "0-1"]
[WhiteElo "1538"]
[BlackElo "1373"]
[PlyCount "102"]
[EventDate "2016.07.23"]
[EventType "swiss"]
[EventRounds "8"]
[EventCountry "CAN"]

1. d4 d5 2. Nf3 Nf6 3. c4 e6 4. Nc3 c5 5. cxd5 cxd4 6. Qxd4 Be7 7. dxe6 Bxe6 8.
Qxd8+ Bxd8 9. e3 O-O 10. Bd3 Nc6 11. O-O h6 12. a3 a6 13. b4 Bg4 14. Nd2 Ne5
15. Be2 Bxe2 16. Nxe2 Nd3 17. Nd4 Bb6 18. N2b3 Rfe8 19. Rd1 Ne5 20. Bb2 Rac8
21. Nf5 Rc2 22. Bd4 Bxd4 23. Nbxd4 Rc7 24. Rac1 Rd7 25. Nb3 Nd3 26. Rc3 Red8
27. Nbd4 Nxf2 28. Rdc1 N2e4 29. Rc8 Nd5 30. Rxd8+ Rxd8 31. Nf3 Ndc3 32. N3d4
Kf8 33. Kf1 h5 34. Ke1 g6 35. Ng3 Na2 36. Rd1 Nd6 37. Kd2 Rc8 38. Nde2 Ne4+ 39.
Ke1 Nec3 40. Nxc3 Rxc3 41. Ne2 Rxe3 42. Kd2 Rxe2+ 43. Kxe2 Nc3+ 44. Kd2 Nxd1
45. Kxd1 Ke7 46. Kd2 Kd6 47. Kd3 Kd5 48. a4 h4 49. Kc3 f5 50. a5 b5 51. Kd3 f4
0-1

[Event "Quebec op U1700"]
[Site "Montreal CAN"]
[Date "2016.07.25"]
[Round "4.59"]
[White "Page, Dany"]
[Black "Raduica, Gheorghe"]
[Result "0-1"]
[WhiteElo "1291"]
[BlackElo "1546"]
[PlyCount "112"]
[EventDate "2016.07.23"]
[EventType "swiss"]
[EventRounds "8"]
[EventCountry "CAN"]

1. c4 Nf6 2. g3 e6 3. Bg2 c6 4. Nf3 Qc7 5. Nc3 h6 6. O-O a6 7. d4 Be7 8. Rb1 b5
9. c5 d6 10. b4 Nbd7 11. e4 e5 12. Re1 a5 13. a3 axb4 14. axb4 Ra6 15. Bb2 O-O
16. Ra1 Rd8 17. Rxa6 Bxa6 18. Qa1 Ra8 19. Nd1 Bb7 20. Qc1 dxc5 21. dxc5 Nh7 22.
Qc3 f6 23. Ne3 g6 24. Rd1 Nhf8 25. Bh3 Rd8 26. Qb3+ Kg7 27. Bc1 Nxc5 28. bxc5
Rxd1+ 29. Qxd1 Bxc5 30. Qc2 Qd6 31. Qd2 Qxd2 32. Nxd2 h5 33. Nb3 Bb6 34. Ba3
Nh7 35. Nc5 Bxc5 36. Bxc5 Ng5 37. Bg2 Ne6 38. Bd6 c5 39. Bh3 Ng5 40. Bf1 Nxe4
41. Bxe5 fxe5 42. Bg2 Nd6 43. Bh3 Kf6 44. Nc2 Bc6 45. Bf1 b4 46. Ne3 Be4 47.
Be2 b3 48. Nd1 c4 49. f3 Bc2 50. Nc3 b2 51. Kf2 b1=Q 52. Nxb1 Bxb1 53. Bxc4
Nxc4 54. f4 e4 55. h3 Bd3 56. g4 e3+ 0-1

[Event "Quebec op U1700"]
[Site "Montreal CAN"]
[Date "2016.07.25"]
[Round "4.60"]
[White "Stoyanova, Stela"]
[Black "Duplessis, Claude"]
[Result "1-0"]
[WhiteElo "1474"]
[BlackElo "1516"]
[PlyCount "153"]
[EventDate "2016.07.23"]
[EventType "swiss"]
[EventRounds "8"]
[EventCountry "CAN"]

1. d4 f5 2. Nc3 Nf6 3. f3 e6 4. e4 fxe4 5. fxe4 d6 6. Be3 Be7 7. Qd2 b6 8. h3
Bb7 9. d5 e5 10. Bb5+ Nbd7 11. Nf3 a6 12. Bc6 Bxc6 13. dxc6 Nb8 14. Ng5 Nxc6
15. Ne6 Qd7 16. Nxg7+ Kd8 17. Nf5 Kc8 18. g4 Kb7 19. g5 Nxe4 20. Nxe4 Qxf5 21.
Ng3 Qf3 22. Qf2 Raf8 23. Rf1 Qxf2+ 24. Rxf2 Rxf2 25. Kxf2 Rf8+ 26. Ke2 Nb4 27.
Kd2 Nd5 28. h4 Rf3 29. Nf1 Nxe3 30. Nxe3 c6 31. Ke2 e4 32. Rf1 Rxf1 33. Nxf1 d5
34. Ne3 Kc7 35. c4 d4 36. Nf5 Bc5 37. h5 d3+ 38. Kd2 Bb4+ 39. Kd1 Bf8 40. g6
hxg6 41. hxg6 Kd7 42. g7 Bxg7 43. Nxg7 Kd6 44. Kd2 Kc5 45. Kc3 a5 46. Ne8 b5
47. cxb5 cxb5 48. Nf6 b4+ 49. Kd2 Kd4 50. Ng4 a4 51. Ne3 a3 52. bxa3 bxa3 53.
Nd1 Kd5 54. Ke3 d2 55. Kxd2 Kd4 56. Ne3 Kc5 57. Kc3 Kb5 58. Nc2 Kc5 59. Nxa3 e3
60. Nc2 e2 61. Kd2 Kc4 62. a3 Kb5 63. Kxe2 Ka4 64. Kd3 Kb5 65. Kc3 Ka4 66. Kb2
Kb5 67. Kb3 Ka5 68. a4 Kb6 69. Kb4 Kc6 70. Ka5 Kb7 71. Kb5 Kc7 72. Nb4 Kb7 73.
a5 Ka7 74. Kc6 Kb8 75. Kb6 Ka8 76. a6 Kb8 77. Nd5 1-0

[Event "Quebec op U1700"]
[Site "Montreal CAN"]
[Date "2016.07.25"]
[Round "4.61"]
[White "Nanescu, Marin"]
[Black "Sonn, Eric"]
[Result "0-1"]
[WhiteElo "1403"]
[BlackElo "1506"]
[PlyCount "124"]
[EventDate "2016.07.23"]
[EventType "swiss"]
[EventRounds "8"]
[EventCountry "CAN"]

1. d4 Nf6 2. Nc3 d5 3. Bg5 Nbd7 4. Nf3 e6 5. e3 Be7 6. Bd3 O-O 7. O-O c5 8. Re1
c4 9. Be2 a6 10. a4 Re8 11. Bf4 Nf8 12. Ne5 N6d7 13. e4 Nxe5 14. Bxe5 Ng6 15.
Bg3 Bb4 16. Bh5 dxe4 17. Rxe4 Bd7 18. Re3 Bc6 19. Ne4 Bd5 20. c3 Ba5 21. Bf3
Nh4 22. Bxh4 Qxh4 23. Ng3 Bc7 24. Nf1 Qd8 25. Re1 Rb8 26. Be4 b5 27. axb5 axb5
28. Qg4 f5 29. Bxf5 exf5 30. Qxf5 Rf8 31. Qh5 Bb7 32. Re2 Qd5 33. Qxd5+ Bxd5
34. Rae1 Bd6 35. Ne3 Bc6 36. Ng4 Bd7 37. Ne5 Bxe5 38. dxe5 Be6 39. g3 b4 40.
cxb4 Rxb4 41. f4 g6 42. Kf2 Rfb8 43. Ke3 Rxb2 44. Kd4 Rxe2 45. Rxe2 Kf7 46. h3
Rb3 47. Re3 Rxe3 48. Kxe3 Bxh3 49. Kd4 Be6 50. Ke3 Ke7 51. Kd4 Kd7 52. Kc3 h5
53. Kd4 Kc6 54. Kc3 Kb5 55. Kc2 Kb4 56. Kb2 c3+ 57. Kc2 Bf5+ 58. Kc1 Kb3 59. e6
Bxe6 60. Kb1 Kc4 61. Kc2 Bf5+ 62. Kc1 Kd3 0-1

[Event "Quebec op U1700"]
[Site "Montreal CAN"]
[Date "2016.07.25"]
[Round "4.62"]
[White "Kuleshova, Julia"]
[Black "Bureau, Robert"]
[Result "1/2-1/2"]
[WhiteElo "1553"]
[BlackElo "1445"]
[PlyCount "92"]
[EventDate "2016.07.23"]
[EventType "swiss"]
[EventRounds "8"]
[EventCountry "CAN"]

1. e4 e5 2. Nf3 Nc6 3. Bb5 Nf6 4. d3 d6 5. Bxc6+ bxc6 6. O-O Be7 7. Re1 O-O 8.
h3 h6 9. Nc3 Re8 10. d4 exd4 11. Nxd4 Bd7 12. f4 c5 13. Nf3 Bc6 14. Nd5 Nxd5
15. exd5 Bb7 16. c4 Bf6 17. Rb1 Rxe1+ 18. Qxe1 Qd7 19. b3 c6 20. Qd1 cxd5 21.
cxd5 Qf5 22. Bb2 Qxf4 23. Bxf6 Qxf6 24. b4 Qf5 25. bxc5 Qxd5 26. cxd6 Qxd1+ 27.
Rxd1 Bxf3 28. gxf3 Rd8 29. Kf2 f6 30. f4 Kf7 31. f5 g6 32. fxg6+ Kxg6 33. Kf3
Kf7 34. Kg4 Ke6 35. Kh5 Rxd6 36. Re1+ Kf7 37. Kxh6 Rd2 38. h4 Rxa2 39. h5 Rg2
40. Ra1 f5 41. Rxa7+ Kf6 42. Ra6+ Ke5 43. Rg6 Rh2 44. Rg5 Kf6 45. Rg6+ Ke5 46.
Kg5 Rg2+ 1/2-1/2

[Event "Quebec op U1700"]
[Site "Montreal CAN"]
[Date "2016.07.24"]
[Round "4.63"]
[White "Chira, Dan"]
[Black "Tsanaclis, Albert"]
[Result "0-1"]
[WhiteElo "1447"]
[BlackElo "1692"]
[PlyCount "60"]
[EventDate "2016.07.23"]
[EventType "swiss"]
[EventRounds "8"]
[EventCountry "CAN"]

1. d4 d5 2. c4 c6 3. Nc3 Nf6 4. Nf3 dxc4 5. e4 b5 6. a3 Nbd7 7. Be2 e6 8. e5
Nd5 9. Ne4 h6 10. O-O Bb7 11. Bd2 Be7 12. Nd6+ Bxd6 13. exd6 N7f6 14. Ne5 Qxd6
15. Bh5 Rf8 16. Ba5 c5 17. Bf3 Qa6 18. Be1 cxd4 19. Qxd4 Qb6 20. Qd1 Qc7 21.
Qe2 Nf4 22. Qe3 N6d5 23. Qd4 f6 24. Ng4 Kf7 25. Ne3 Rfd8 26. Nxd5 Bxd5 27. Qe3
Bxf3 28. Qxf3 Rd4 29. Qxa8 Ne2+ 30. Kh1 Qxh2+ 0-1

[Event "Quebec op U1700"]
[Site "Montreal CAN"]
[Date "2016.07.25"]
[Round "4.64"]
[White "Moreau, Michel"]
[Black "Tremblay, Mario"]
[Result "1-0"]
[WhiteElo "1428"]
[BlackElo "1631"]
[PlyCount "79"]
[EventDate "2016.07.23"]
[EventType "swiss"]
[EventRounds "8"]
[EventCountry "CAN"]

1. d4 d5 2. Bf4 c5 3. c3 Nc6 4. e3 Nf6 5. Nd2 Bf5 6. Ngf3 e6 7. h3 a6 8. Nh4
Bg6 9. Nxg6 hxg6 10. Bd3 c4 11. Bc2 Bd6 12. Bxd6 Qxd6 13. O-O b5 14. e4 dxe4
15. Nxe4 Nxe4 16. Bxe4 O-O-O 17. Qf3 Ne7 18. Qxf7 Rdf8 19. Qxg7 Rfg8 20. Qe5
Qxe5 21. dxe5 g5 22. Bf3 Ng6 23. Bg4 Nf4 24. Rad1 Rd8 25. Rxd8+ Rxd8 26. Rd1
Rxd1+ 27. Bxd1 Nd3 28. b3 Nxe5 29. bxc4 bxc4 30. Kf1 Kc7 31. Bc2 Kd6 32. Ke2
Kc5 33. Ke3 Kd5 34. g3 Nf7 35. f4 gxf4+ 36. Kxf4 Nd6 37. h4 Nb5 38. h5 Nxc3 39.
h6 e5+ 40. Ke3 1-0

[Event "Quebec op U1700"]
[Site "Montreal CAN"]
[Date "2016.07.25"]
[Round "4.65"]
[White "Shahabi, Shahab"]
[Black "Cholette, Mario"]
[Result "0-1"]
[WhiteElo "1516"]
[BlackElo "1432"]
[PlyCount "22"]
[EventDate "2016.07.23"]
[EventType "swiss"]
[EventRounds "8"]
[EventCountry "CAN"]

1. e4 c5 2. Nf3 Nc6 3. d4 cxd4 4. Nxd4 e5 5. Nxc6 bxc6 6. Bc4 Nf6 7. Bg5 Be7 8.
O-O O-O 9. Kh1 Nxe4 10. Bxe7 Qxe7 11. Re1 Nxf2+ 0-1